National Park Service units in Minnesota Quiz Stats

 Plays Quiz not verified by Sporcle

Challenge
Share
Tweet
Embed
Score 0/5 Timer 05:00
0 Plays Today
Location NPS unit % Correct
St. PaulMississippi National River and Recreation Area
100%
Kabetogama/Ash River/Crane LakeVoyageurs NP
88.5%
Taylors FallsSaint Croix National Scenic Riverway
84.6%
PipestonePipestone NM
84.6%
Grand PortageGrand Portage NM
80.8%

You're not logged in!

Compare scores with friends on all Sporcle quizzes.
Join for Free
OR
Log In

You Might Also Like...

Show Comments

Extras

Top Quizzes Today


Score Distribution

Your Account Isn't Verified!

In order to create a playlist on Sporcle, you need to verify the email address you used during registration. Go to your Sporcle Settings to finish the process.

Report this User

Report this user for behavior that violates our Community Guidelines.

Details: